| 000 | 00819cam a2200265 a 4500 | ||
|---|---|---|---|
| 005 | 20260322212026.0 | ||
| 008 | data | ||
| 010 | _a 94002294 | ||
| 020 |
_a1878542427 : _c{dollar}12.95 |
||
| 020 |
_a9781878542427 : _c{dollar}12.95 |
||
| 040 |
_aDLC _cDLC _dDLC |
||
| 050 | 0 | 0 |
_aHF5718 _b.S52 1994 |
| 082 | 0 | 0 |
_a302.2 _220 |
| 092 | _a302.2 S52 1994 | ||
| 100 | 1 |
_aShouse, Deborah, _d1949- |
|
| 245 | 1 | 0 |
_aBreaking the ice : _bhow to improve your on-the-spot communication skills / _cDeborah Shouse. |
| 260 |
_aMission, KS : _bSkillPath Publications, _cc1994. |
||
| 300 |
_avi, 79 p. : _bill. ; _c22 cm. |
||
| 504 | _aIncludes bibliographical references (p. 79). | ||
| 650 | 0 | _aBusiness communication. | |
| 650 | 0 | _aBusiness presentations. | |
| 650 | 0 | _aBody language. | |
| 650 | 0 | _aSuccess in business. | |
| 001 | data | ||
| 999 |
_c580 _d580 |
||